000 00485nam a2200145 4500
005 20260227111149.0
008 260227b |||||||| |||| 00| 0 eng d
020 _a9781444330632
100 _aDenyer P. Stephen, Hodges Norman, Gorman P. Sean, Gilmore F. Brendan
245 _aHugo and Russell's Pharmaceutical Microbiology
_c/Stephen P. Denyer
250 _a8th Edition
260 _aUnited Kingdom;
_bBlackwell Publishing Ltd;
_c2011
300 _aix;513pill;
_c23.7
942 _2lcc
_n0
_cBK
999 _c183
_d183